Produkty mleczne - nabiał - Statystyki

Ogólne statystyki
  • Ten quiz został rozwiązany 53 razy
    27 od ostatniego zresetowania
  • Średni wynik to 6 z 13
Statystyki odpowiedzi
Nabiał % Poprawnych
Jogurt
88%
Twaróg
80%
Kefir
76%
Masło
68%
Maślanka
60%
Śmietana
56%
Ser żółty
48%
Serek wiejski
32%
Serek homogenizowany
20%
Śmietanka
16%
Mleko w proszku
8%
Kumys
0%
Mleko skondensowane
0%
Nie znaleziono quizów pasujących do podanych kryteriów
Rozkład punktacji
Procent ludzi z każdym wynikiem
Percentyl według liczby udzielonych odpowiedzi
Twoja historia wyników
Nie rozwiązałeś tego quizu od ostatniego zresetowania